Rüzgâr Dolu Konaklar (Record no. 3863)

000 -LEADER
fixed length control field 00493nam a22001817a 4500
008 - FIXED-LENGTH DATA ELEMENTS--GENERAL INFORMATION
fixed length control field 190914b ||||| |||| 00| p eng d
020 ## - INTERNATIONAL STANDARD BOOK NUMBER
International Standard Book Number 9753422431
041 ## - LANGUAGE CODE
Language code of text/sound track or separate title Türkçe
050 ## - LIBRARY OF CONGRESS CALL NUMBER
Classification number PL248.M388
100 ## - MAIN ENTRY--PERSONAL NAME
9 (RLIN) 291
Personal name Matur,Bejan
245 ## - TITLE STATEMENT
Title Rüzgâr Dolu Konaklar
250 ## - EDITION STATEMENT
Edition statement 2.Basım
260 ## - PUBLICATION, DISTRIBUTION, ETC.
Place of publication, distribution, etc. İstanbul:
Name of publisher, distributor, etc. Metis Yayınları,
Date of publication, distribution, etc. Mayıs 1999
300 ## - PHYSICAL DESCRIPTION
Extent 114 Sayfa
500 ## - GENERAL NOTE
General note ..."İlk Basım ; Avesta Yayınları, Eylül 1996"
650 #0 - SUBJECT ADDED ENTRY--TOPICAL TERM
9 (RLIN) 145
Topical term or geographic name entry element Türk Edebiyatı
942 ## - ADDED ENTRY ELEMENTS (KOHA)
Source of classification or shelving scheme
Koha item type Books
Holdings
Withdrawn status Lost status Source of classification or shelving scheme Damaged status Not for loan Permanent Location Current Location Shelving location Date acquired Full call number Barcode Date last seen Price effective from Koha item type
        Ödünç verilemez İmren Ahmet Tüzün Kütüphanesi İmren Ahmet Tüzün Kütüphanesi Ahmet Tüzün 2019-09-14 PL248.M388 100100004106 2019-09-14 2019-09-14 Books

This software was implemented, installed and managed by Devinim Software Training Consulting .